[Event "Moscow Aeroflot op-A"]
[Site "Moscow"]
[Date "2004.02.22"]
[Round "6"]
[White "Khalifman, Alexander"]
[Black "Karjakin, Sergey"]
[Result "1/2-1/2"]
[WhiteElo "2674"]
[BlackElo "2566"]
[Annotator "Huzman,A"]
[PlyCount "41"]
[EventDate "2004.02.17"]
[EventType "swiss"]
[EventRounds "9"]
[EventCountry "RUS"]
[SourceTitle "CBM 100"]
[Source "ChessBase"]
[SourceDate "2004.06.01"]
[SourceVersion "1"]
[SourceVersionDate "2004.06.01"]
[SourceQuality "1"]

1. d4 d5 2. c4 dxc4 3. e4 Nf6 4. e5 Nd5 5. Bxc4 Nb6 6. Bd3 Nc6 7. Ne2 Bg4 8. f3
Be6 9. Nbc3 Bc4 10. Bxc4 Nxc4 11. Qb3 (11. O-O e6 12. f4 Qd7 13. Qd3 Nb6 14. f5
O-O-O 15. Bg5 Be7 16. Bxe7 Qxe7 17. Qg3 g6 18. f6 Qb4 19. a3 Qc4 20. Rad1 Rd7
21. Qe3 Qb3 $17 {0-1 Chow,A-Shamkovich,L/Chicago 1990/EXT 97 (34)}) (11. e6 $1
fxe6 12. O-O g6 13. Qb3 Nb6 14. Qxe6 Qd7 15. Qxd7+ $1 Kxd7 16. d5 Nb4 17. Rd1
Bg7 18. a3 Na6 19. Be3 $14 {1-0 Comas Fabrego,L-Markowski,T/Istanbul 2003/CBM
96/[Huzman] (51)}) 11... Nb6 12. e6 (12. Be3 e6 $11) 12... fxe6 13. Be3 (13.
Qxe6 Qd7 $1 (13... Nxd4 14. Qe4 Nxe2 (14... Nc6 15. Bg5 Qc8 (15... Nc8 16. Rd1
Nd6 17. Qe3 $44) 16. O-O-O e5 17. Nd4 Bd6 18. Nxc6 bxc6 19. f4 O-O 20. fxe5 $16
{1-0 Volkov,S-Drozdovskij,Y/St Petersburg 2000/EXT 2001 (62)}) 15. Kxe2 c6 16.
Rd1 $44 {1-0 Volkov,S-Kharlov,A/Ekaterinburg 1999/CBM 75/[Huzman] (84)}) 14.
Qxd7+ Kxd7 15. O-O {1/2-1/2 Khalifman,A-Magem Badals,J/Liepaja 2001/CBM 85 (15)
}) 13... Qd7 14. O-O (14. Nf4 Nd5 15. Ncxd5 exd5 16. Qxb7 Rb8 17. Qa6 Rxb2 18.
O-O e6 19. Rae1 Rb6 20. Qa4 Bb4 $17 {0-1 Van der Wiel,J-Van Wely,L/Brussels
1993/CBM 34 ext (55)}) 14... g6 (14... O-O-O 15. a4 Na5 16. Qc2 Nd5 17. Bf2 g6
18. Ne4 Bh6 19. Nc5 Qc6 20. Rab1 b6 21. b4 Ne3 $15 {0-1 Kanep,M-Drozdovskij,Y/
Alushta UKR 2003/(47)}) 15. Ne4 Qd5 $1 16. Qd1 (16. Qd3 O-O-O 17. Nf4 Qc4 $17)
16... O-O-O {Black finished development of their pieces and are ready to get
rid of weakness on e6 by e5.I think that White don't have full compensation
for the sacrifised pawn.} 17. Nf4 Qf5 {[%cal Ye6e5]} 18. g4 Qf7 19. Ng5 Qf6 ({
To my opinion Black could fight for advantage by} 19... Qg8 $5 20. Ngxe6 (20.
Nfxe6 Rd5 21. Qc2 h6 22. Nxf8 Qxf8 23. Ne6 Qf6 24. Nf4 Rxd4 $1 $17) 20... Rd6 {
but they decided that it was too risky.} 21. Nxf8 Qxf8 22. Qb3 (22. d5 Nxd5 23.
Nxd5 Qf7 24. Nxe7+ Qxe7 25. Qb3 Re6 $15 {[%csl Rg1]}) 22... Qg8 $5 23. Qxg8+
Rxg8 24. Rae1 Nxd4 (24... g5 $5 25. Ne2 Nd5 26. Bf2 Rf8 27. Bg3 Rdf6 28. Nc3
$11) 25. Bxd4 Rxd4 26. Ne6 $44) 20. Ne4 (20. Ngxe6 Rd6 21. g5 Qf7 22. Qb3 h6
$17) (20. Nfxe6 Rd5 21. Nxf8 Qxf8 22. Qc2 Qf6 $17) 20... Qf7 21. Ng5 1/2-1/2

[Event "Dos Hermanas-A"]
[Site "Dos Hermanas"]
[Date "2005.04.02"]
[Round "2"]
[White "Illescas Cordoba, Miguel"]
[Black "Karjakin, Sergey"]
[Result "1/2-1/2"]
[WhiteElo "2633"]
[BlackElo "2635"]
[Annotator "Huzman,A"]
[PlyCount "69"]
[EventDate "2005.04.01"]
[EventType "tourn"]
[EventRounds "9"]
[EventCountry "ESP"]
[EventCategory "16"]
[SourceTitle "CBM 107"]
[Source "ChessBase"]
[SourceDate "2005.08.01"]
[SourceVersion "1"]
[SourceVersionDate "2005.08.01"]
[SourceQuality "1"]

1. d4 d5 2. c4 dxc4 3. e4 Nf6 4. e5 Nd5 5. Bxc4 Nb6 6. Bb3 Nc6 7. Ne2 Bf5 8.
Nbc3 e6 9. O-O Qd7 10. Be3 O-O-O 11. a3 Kb8 12. Qc1 (12. Ba2 Ne7 (12... Be7 13.
b4 h5 14. Rc1 h4 15. Bb3 f6 16. exf6 gxf6 17. Na4 Rhg8 18. Nf4 Nd5 (18... Nxd4
$11) 19. Bxd5 exd5 20. Kh1 Bd6 21. f3 Rde8 $15 {. 1-0 Petursson,M-Speelman,J/
London 1994/Inf 61/[Petursson,M] (38)}) 13. f3 f6 14. Bf2 Nc6 15. exf6 gxf6 16.
Ne4 Be7 17. b4 Bxe4 18. fxe4 f5 19. exf5 exf5 20. b5 Na5 21. Qd3 Nd5 22. Be1 b6
23. Rxf5 $18 {1-0 Dao Thien Hai-Hatanbaatar,B/Istanbul 2000/EXT 2001 (56)}) (
12. Ng3 $2 Bg6 13. Qe2 Nxd4 14. Bxd4 Qxd4 15. Rfd1 Qh4 $17) (12. Rc1 $5 Be7 13.
Na4) 12... Ne7 13. Rd1 (13. a4 a5 14. Rd1 Ned5 15. Nxd5 Nxd5 16. Bd2 b6 17. Bc4
f6 $132) 13... Ned5 14. a4 a5 15. Nf4 (15. Ng3 $5 Bg6 (15... Bb4 16. Nxf5 exf5
17. Na2 Qe7 18. Bd2) 16. Bg5 Rc8 17. Nge4 h6 18. Nc5 Qc6 19. Bd2 $36) 15... c6
16. Nd3 Nb4 (16... Nxe3 17. fxe3 $16) 17. Nxb4 $6 ({White have space advantage.
That's why exchange pieces is in favour of Black.} 17. Nc5 Qc7 18. N3e4 $14 h6
(18... N6d5 19. Bg5 Re8 20. Bxd5 Nxd5 (20... exd5 21. Nd6 $16) 21. Bd2 f6 22.
Re1 $14 {[%cal Gc1c4,Gb2b4]}) 19. Nd6 Rxd6 20. exd6 Bxd6 21. h3 $14) 17... Bxb4
18. Na2 Qe7 19. d5 $5 (19. Bg5 f6 20. Bd2 Nd5 (20... Rxd4 21. Nxb4 axb4 22.
exf6 Qxf6 23. Bf4+ Ka8 24. Rxd4 Qxd4 25. Be3 Qd3 26. Qc5 $1 $18) 21. Nxb4 (21.
Bxd5 Bxd2 22. Qxd2 Rxd5 23. Nc3 Rd7 24. Qe3 Qb4 $11) 21... Nxb4 22. Bf4 Ka8 $11
) 19... Nxd5 20. Bxd5 Rxd5 (20... exd5 21. Nxb4 Qxb4 22. Bc5 Qc4 23. Bd6+ Rxd6
(23... Ka8 24. Qd2 b6 25. Rac1 Qxa4 26. Bc7 $16) 24. Qxc4 dxc4 25. Rxd6 $16) (
20... cxd5 21. Nxb4 Qxb4 22. Bc5 Qc4 23. Bd6+ Ka8 24. Qd2 Qa6 25. b4 axb4 26.
Qxb4 Rc8 27. Rdc1 $44) 21. Rxd5 cxd5 (21... exd5 22. Nxb4 Qxb4 (22... axb4 23.
a5 Rd8 24. a6 $40) 23. Bc5 Qc4 24. Qe3 (24. Bd6+ Ka8 25. Qd2 b6 26. b4 axb4 27.
Rc1 Qb3 28. Bxb4 c5 $17) 24... Ka8 25. Rc1 Qxa4 26. b4 $40) 22. Nxb4 Qxb4 23.
Bc5 Qc4 24. Qxc4 $11 ({Only with queens White can fight for advantage.} 24.
Bd6+ Ka8 25. Qd2 b6 26. Rc1 Qd3 27. Qg5 $44) 24... dxc4 25. Bb6 $11 Rc8 26.
Bxa5 Rc5 27. Bc3 Rd5 28. a5 Bc2 29. f3 Rd1+ 30. Rxd1 Bxd1 31. Kf2 Kc7 32. Ke3
Kc6 33. Kd4 Be2 34. Bb4 h5 35. h4 1/2-1/2

[Event "Europe-Tartarstan m"]
[Site "Kazan"]
[Date "2001.08.15"]
[Round "1"]
[White "Kortschnoj, Viktor Lvovich"]
[Black "Kharlov, Andrei"]
[Result "1/2-1/2"]
[WhiteElo "2617"]
[BlackElo "2656"]
[Annotator "Huzman,A"]
[PlyCount "68"]
[EventDate "2001.08.15"]
[EventType "team"]
[EventRounds "2"]
[EventCountry "RUS"]
[SourceTitle "CBM 085"]
[Source "ChessBase"]
[SourceDate "2001.11.13"]
[SourceVersion "1"]
[SourceVersionDate "2001.11.13"]
[SourceQuality "1"]

1. d4 d5 2. c4 dxc4 3. Nc3 a6 4. e4 b5 5. a4 Bb7 6. axb5 axb5 7. Rxa8 Bxa8 8.
Nxb5 e6 (8... Bxe4 9. Qa4 (9. Nc3 Bb7 10. Nf3 e6 11. Bxc4 Bd6 12. O-O Nf6 13.
Bg5 O-O 14. Qe2 h6 15. Bh4 g5 16. Bg3 Bxg3 17. hxg3 Bxf3 18. gxf3 Qxd4 {
0-1 Maeki Uuro,M-Westerinen,H/Avoin turnaus Vantaa 1994 (40)}) (9. Bxc4 Bxg2
10. Bf4 Na6 11. Qa4 Nf6 12. Nxc7# {1-0 Aragon-Winfield/Denver 1986 (12)}) 9...
c6 10. Nc3 Nf6 11. Nxe4 (11. Bg5 Qxd4 12. Bxc4 Bd5 13. Nxd5 Nxd5 14. Ne2 Qe5
15. Qb3 Nd7 16. Bd2 e6 17. Qa4 Qxb2 18. Qa8+ Qb8 19. Qxc6 Qb1+ 20. Nc1 N5b6 21.
O-O Qc2 22. Bb5 Qxc6 23. Bxc6 Bd6 24. Rd1 Ke7 {1/2-1/2 Remlinger,L-Hegeler,F/
Gausdal 1991/TD (82)}) 11... Nxe4 12. Bxc4 e6 13. Nf3 Be7 14. O-O O-O 15. Re1
Nf6 16. Bd2 {1/2-1/2 Ivanov,S-Vorotnikov,V/Leningrad 1990 (16)}) 9. Qa4 Bc6 10.
Nf3 (10. Qxc4 Nf6 (10... Bxe4 11. Nxc7+ Kd7 12. Bf4 $16) 11. f3 (11. Bf4 Nxe4
12. Nxc7+ Kd7 13. Nf3 (13. Ne2 Qh4 14. g3 Qh5 $17) 13... Bd6 14. d5 exd5 15.
Nxd5 Bxf4 16. Nxf4 Qa5+ 17. b4 Qa1+ 18. Ke2 Qb2+ $19)) (10. d5 exd5 11. exd5
Qe7+ 12. Kd1 Qd8 13. Bxc4 Nf6 14. Ke2 Nxd5 15. Bxd5 Qxd5 16. Nxc7+ Kd8 17. Nxd5
Bxa4 $44) 10... Nf6 11. Bxc4 (11. Bg5 Be7 12. Bxf6 Bxf6 13. e5 Be7 14. Qxc4 (
14. Bxc4 Bxf3 15. gxf3 c6 $44) 14... O-O 15. Bd3 Bxf3 16. gxf3 c6 17. Nc3 $16)
(11. Ne5 Qxd4 12. Nxc7+ Kd8 13. Nxf7+ (13. Nxc6+ Nxc6 14. Qxc6 Bb4+ 15. Ke2
Qd3#) 13... Kxc7 14. Qa5+ Kc8 15. Nxh8 Nxe4 16. Be3 Qxb2 $19) 11... Nxe4 12.
O-O (12. Ne5 $1 {Kortschnoj} Qxd4 13. Nxc7+ Kd8 14. Nxc6+ Nxc6 15. Qxc6 Bb4+ (
15... Qxf2+ 16. Kd1 Qxg2 17. Nxe6+ fxe6 18. Qb6+ Ke8 19. Rf1) 16. Ke2 Qxf2+ 17.
Kd1 Qxg2 18. Nxe6+ fxe6 19. Qb6+ Kd7 20. Rf1) 12... Be7 13. Qa7 (13. Ne5 $5 O-O
14. Nxc6 Nxc6 15. Nc3 Nxc3 16. bxc3 $14) 13... O-O 14. Qxc7 (14. Nxc7 Nd6 15.
Be2 Bb7 (15... Nf5 16. Rd1) 16. Qb6 (16. Qa5 Ne8 17. Bf4 e5 18. Qxe5 (18. Bxe5
Nc6 $17) 18... Bd6 19. Ne6 Qe7 $17) (16. Qc5 Ne8 $17) (16. Nb5 Bxf3 17. gxf3
Nc6 18. Qa6 (18. Qc7 Nxd4 $19) 18... Nxb5 19. Qxc6 Nxd4 20. Qe4 $17) 16... Nd7
17. Qa5 Ne8 18. Bf4 Bxf3 19. Bxf3 e5 $17) 14... Qxc7 15. Nxc7 Nd6 16. Bd3 (16.
Ba2 Bxf3 (16... Bd8 17. Nxe6 fxe6 18. Bxe6+ Kh8 19. d5 Bb5 20. Re1 $44) 17.
gxf3 Bd8 18. Na8 Nc6 $15 {[%csl Ra8]}) (16. Nxe6 $5 fxe6 17. Bxe6+ Kh8 18. Ne5
$44) 16... Rc8 17. Na6 Bxf3 18. gxf3 Nc6 19. Be3 Bf6 20. Bf4 (20. Rd1 Nxd4 21.
Bxd4 Bxd4 22. Bxh7+ Kxh7 23. Rxd4 Nf5 $44) 20... Nxd4 $1 21. Bxd6 Rd8 22. Bg3
Nxf3+ 23. Kg2 Rxd3 24. Nc5 Rd5 25. Nxe6 fxe6 (25... Nd2 $5 26. Nc7 Rd8 27. Rd1
Bxb2 28. Bf4 Bc3 29. Na6 $17 {/=/+}) 26. Kxf3 Bxb2 27. Rb1 Bd4 28. Rb7 Rf5+ 29.
Ke4 Bf6 30. Rb6 Kf7 31. Rb7+ Kg6 32. Rb6 e5 33. f3 Rh5 34. Ra6 Kf7 1/2-1/2

[Event "Asia-ch"]
[Site "Kolkata"]
[Date "2001.08.16"]
[Round "10"]
[White "Safin, Shukhrat"]
[Black "Iuldachev, Saidali"]
[Result "0-1"]
[WhiteElo "2529"]
[BlackElo "2508"]
[Annotator "Huzman,A"]
[PlyCount "80"]
[EventDate "2001.08.09"]
[EventType "swiss"]
[EventRounds "11"]
[EventCountry "IND"]
[SourceTitle "CBM 085"]
[Source "ChessBase"]
[SourceDate "2001.11.13"]
[SourceVersion "1"]
[SourceVersionDate "2001.11.13"]
[SourceQuality "1"]

1. d4 d5 2. c4 dxc4 3. e4 Nf6 4. e5 Nd5 5. Bxc4 Nb6 6. Bd3 Nc6 7. Ne2 Bg4 8. f3
Be6 9. Nbc3 Qd7 10. Ne4 Bd5 11. Nc5 Qc8 12. a3 e6 13. Qc2 Bxc5 14. Qxc5 (14.
dxc5 Nd7 15. f4 Bxg2 16. Rg1 Bf3 17. Rxg7 $2 (17. Be3 g6 18. Rg3 $44) 17... Qd8
$1 18. Be3 Qh4+ 19. Rg3 (19. Ng3 O-O-O $1 20. Qf2 $140 (20. Rxf7 Ndxe5 21. fxe5
Nxe5 $40) 20... Nxc5 21. Bc2 Nd3+ 22. Bxd3 Rxd3 23. Qxf3 Nd4 $1 $19) 19...
O-O-O 20. Nc3 Ndb8 $2 {1/2-1/2 Dreev,A-Salov,V/Elista (m/1) 1998/[Salov,Va] 
(73)} (20... f6 $1 21. Qf2 Bg4 $17)) 14... Qd7 15. b4 (15. O-O Qe7 (15... a6
16. Qc3 O-O (16... f5 $1 17. exf6 gxf6 18. Bf4 O-O (18... Rg8 $5 $13) 19. b4
Na4 20. Qd2 Kh8 21. b5 $14 {1/2-1/2 Gulko,B-Chandler,M/Amsterdam 44/458 (Gulko,
B) 1987 (51)}) (16... Ne7 17. b3 Bc6 18. a4 f5 19. exf6 gxf6 20. Ba3 O-O-O 21.
Bc5 Ned5 22. Qd2 Qg7 23. Rae1 Nd7 24. Ba3 Rhg8 25. Ng3 f5 26. Bc4 Qg6 27. Rf2
h5 28. Ne2 $14 {1/2-1/2 Vyzmanavin,A-Meister,Y/Cheliabinsk 1990/EXT 97 (70)})
17. Be3 Ne7 18. Qc2 h6 19. Ng3 Bc6 20. Rfd1 Nbd5 21. Bf2 Nf4 22. Be4 Ned5 23.
Nf1 Ba4 24. Qb3 Bb5 25. Re1 {1/2-1/2 Vyzmanavin,A-Yakovich,Y/Cheliabinsk 1990/
EXT 97 (25)}) 16. Qc2 (16. Qc3 Qd7 17. Be3 Ne7 18. Bg5 Bc6 19. Bxe7 Qxe7 20.
Be4 Nd5 21. Bxd5 Bxd5 22. Nf4 c6 23. Nxd5 cxd5 {1-0 Browne,W-Krush,I/Match,
Parsippany USA 1999 (47)}) 16... Qd7 (16... h6 17. b4 O-O 18. Be3 Rac8 19. Rac1
f5 20. exf6 Qxf6 21. f4 Kh8 22. f5 e5 23. dxe5 Nxe5 24. Bd4 Qg5 25. Be4 Bxe4
26. Qxe4 Nc6 27. Rxc6 bxc6 28. Nf4 Rxf5 29. Bxg7+ $16 {1-0 Barnsley,A-Eastlake,
P/Brit.Champ.Cand. 1980 (38)}) (16... f5 17. exf6 gxf6 18. b4 O-O-O 19. Be3 Kb8
20. Nf4 Qd6 21. Qc3 e5 22. dxe5 Nxe5 23. Bc2 Nec4 24. Rfe1 Nxe3 25. Qxe3 h6 26.
Nxd5 Nxd5 27. Qf2 Rhg8 28. Rad1 $14 {1/2-1/2 Hatton,H-Vigneron,M/FRA AJEC/06IR
corr 1991/Corr 2000 (39)}) 17. Bd2 Ne7 18. Rac1 Bc6 {[x d5,f5]} 19. Be3 Nbd5
20. Bf2 Bb5 $1 21. Ng3 Bxd3 22. Qxd3 O-O $11 {[Petrosian]. 0-1 Bukic-Petrosian/
Banja Luka 1979/Inf 27 (63)}) (15. Bg5 a6 16. O-O Nc4 17. Bxc4 b6 18. Qxd5 exd5
19. Bd3 O-O 20. f4 Na5 21. f5 c5 22. Rad1 Nc6 23. dxc5 Nxe5 {0-1 Volkov,
S-Sorokin,M/Open, Novgorod RUS 1999 (35)}) 15... a6 16. O-O $2 {[%mdl 8192]} (
16. Bg5 $2 Nc4 $1 17. b5 $8 axb5 18. Qxb5 N6xe5 $17 {Razuvaev,Y-Yakovich,Y/
Sochi 1986/Inf 42 (18)}) (16. Qc2 Ne7 17. Bg5 Bc6 18. Bxe7 Qxe7 19. O-O Bb5 20.
f4 Nd5 21. Rf3 Qd7 22. f5 Bxd3 23. Qxd3 exf5 24. Rxf5 O-O-O 25. Raf1 f6 26.
exf6 Nxf6 27. b5 axb5 28. Rxb5 Rhe8 {0-1 Arencibia,W-Yakovich,Y/Bayamo 1990/
CBM 18 (63)}) {[%tqu "En","Find the trap White were trapped in","","","b6c4",
"",10]} 16... Nc4 $1 17. b5 $8 (17. Bxc4 b6 $19) 17... axb5 18. Qxb5 N6xe5 $17
19. Qxd7+ Nxd7 20. Nf4 Ncb6 21. Nxd5 Nxd5 22. a4 N7f6 23. Bd2 Kd7 24. a5 c6 25.
g4 $6 (25. Rfb1 $142 Ra7 26. Ra2) 25... h5 26. g5 $2 {[%mdl 16384]} (26. h3
hxg4 27. hxg4 Rh3 28. Kg2 Rah8 29. Rh1 $17) 26... Ne8 27. Rfb1 Nd6 28. Kf2 Ra7
29. Rb2 b5 $1 30. Rc1 Nf5 $1 31. Bxf5 exf5 32. Ke2 Re8+ 33. Kd3 g6 34. h4 Re6
35. Rc5 Nc7 36. Re5 $2 Rxe5 37. dxe5 c5 $19 38. Rc2 Ne6 39. Be3 Kc6 40. a6 Rxa6
0-1

[Event "POL-ch 62nd"]
[Site "Poznan"]
[Date "2005.04.24"]
[Round "4"]
[White "Miton, Kamil"]
[Black "Grabarczyk, Miroslaw"]
[Result "1-0"]
[WhiteElo "2592"]
[BlackElo "2487"]
[Annotator "Huzman,A"]
[PlyCount "77"]
[EventDate "2005.04.21"]
[EventType "tourn"]
[EventRounds "13"]
[EventCountry "POL"]
[EventCategory "12"]
[SourceTitle "CBM 107"]
[Source "ChessBase"]
[SourceDate "2005.08.01"]
[SourceVersion "1"]
[SourceVersionDate "2005.08.01"]
[SourceQuality "1"]

1. d4 d5 2. c4 dxc4 3. e4 Nc6 4. Nf3 Bg4 5. d5 Ne5 6. Bf4 Ng6 7. Be3 e5 8. Bxc4
a6 9. Be2 Bd6 10. O-O N8e7 (10... Nf6 11. Nc3 O-O 12. Nd2 Bd7 13. a3 b5 14. Nb3
Nf4 15. Qc2 c6 16. dxc6 Bxc6 $11 {0-1 Antonsen,M-Levin,F/Germany 1999/EXT 2001
(54)}) 11. Nfd2 Bxe2 (11... Bd7 $5 12. Nc4 O-O 13. Qb3 f5 14. f3 $14) 12. Qxe2
O-O 13. Nc3 b5 (13... f5 $5 14. exf5 (14. f3 Nf4 15. Bxf4 exf4 16. Rad1 fxe4
17. fxe4 (17. Ndxe4 Nf5 $15 {[%csl Re3]}) 17... Ng6 18. Nf3 Ne5 $15) 14... Nxf5
15. Nde4 Nd4 $132) 14. a4 b4 15. Na2 Qd7 $6 ({Black must attack pawns centre
of White before Na2 is back in the game.} 15... c6 $1 16. Nc4 (16. dxc6 Nxc6
$11 {[%csl Ra2]}) 16... cxd5 17. exd5 f5 $132) (15... f5 $5 16. f3 Nf4 17. Qc4
Neg6 $132) 16. Nc1 f5 17. f3 fxe4 (17... Nf4 18. Qc4 Neg6 19. Nd3 $14) 18. fxe4
Rxf1+ (18... c6 19. dxc6 Qxc6 (19... Rxf1+ 20. Qxf1 Qxc6 21. Qc4+ $16) (19...
Nxc6 20. Qc4+ Kh8 21. Rxf8+ Bxf8 22. Ncb3 $16) 20. Qc4+ Qxc4 (20... Kh8 21. Nd3
$16) 21. Rxf8+ Rxf8 22. Nxc4 $16) 19. Qxf1 Kh8 20. Qc4 Nf4 21. Nd3 $16 {
All pawns of Black on the black squares are potential weaknesses.} Nxd3 $2 (
21... c6 22. dxc6 Nxc6 23. Bxf4 (23. Nb3 $5 $16) 23... exf4 24. Nf3 $16) 22.
Qxd3 Ng8 23. h3 Nf6 24. b3 Qe7 (24... c6 25. Nc4 Rd8 26. Nxd6 Qxd6 27. Qxa6
cxd5 28. Qxd6 Rxd6 29. exd5 Nxd5 30. Rd1 $18) 25. Rc1 Nd7 26. Rc6 Nb8 27. Rc1
Nd7 28. Qc4 $1 $18 h6 29. Qc6 Qd8 30. Nc4 Nf6 (30... Bf8 31. Rf1 Qe8 32. Qxc7
$18) 31. Nxd6 $1 {[%mdl 32] Bd6 looks like the weakest piece on the board but
it protects all pawns of Black.That's why exchange of it destroys position of
Black.} cxd6 32. Rc4 Nh5 (32... a5 33. Bb6 Qf8 34. Bc7 Rc8 35. Qb6 Ne8 36. Qxa5
$18) 33. Rxb4 Rc8 (33... Kh7 $142 34. Qc2 Qh4 35. Qf2 $18) 34. Qxa6 Rc3 35. Rc4
Rxc4 36. Qxc4 Qh4 37. Bf2 Qf4 38. Qc8+ Kh7 39. Qf5+ 1-0

[Event "EU-ch 3rd"]
[Site "Batumi"]
[Date "2002.06.21"]
[Round "9"]
[White "Volkov, Sergey"]
[Black "Godena, Michele"]
[Result "1-0"]
[WhiteElo "2609"]
[BlackElo "2481"]
[Annotator "Huzman,A"]
[PlyCount "91"]
[EventDate "2002.06.12"]
[EventType "swiss"]
[EventRounds "13"]
[EventCountry "GEO"]
[SourceTitle "CBM 090"]
[Source "ChessBase"]
[SourceDate "2002.09.20"]
[SourceVersion "1"]
[SourceVersionDate "2002.09.20"]
[SourceQuality "1"]

1. d4 d5 2. c4 dxc4 3. e4 e5 4. Nf3 Bb4+ 5. Bd2 Bxd2+ 6. Nbxd2 exd4 7. Bxc4 Nc6
8. O-O Qf6 9. e5 Qg6 10. Re1 Nge7 11. Nb3 O-O 12. Nfxd4 Rd8 13. Bd3 (13. Nxc6
Nxc6 14. Qf3 Be6 15. Rac1 Bxc4 16. Rxc4 Rd3 17. Qe2 Rd5 18. Re4 Rad8 $11 {
1/2-1/2 Epishin,V-Short,N/Madrid 1995/CBM 47 (27)}) 13... Qh6 (13... Qg5 14.
Nxc6 Nxc6 15. Qc2 Nxe5 (15... h6 16. Be4 Be6 17. Nc5 Nd4 18. Qc3 $16) 16. Bxh7+
Kh8 17. Qc3 Ng4 18. Be4 Qh4 19. Qg3 Qxg3 20. hxg3 $36) 14. Nxc6 Nxc6 15. Qf3
Be6 (15... Qg5 16. Be4 Nxe5 17. Qc3 $1 c6 18. Bxh7+ Kxh7 19. Rxe5 Qg6 20. Rae1
$14) 16. Be4 Nxe5 17. Qg3 Nc4 $2 {Black gives the pawn without any
compensation.} (17... Nc6 18. Nc5 (18. Qxc7 Rd7 $11) 18... Rd2 $1 19. Qxc7 (19.
Nxb7 Nd4 20. Nc5 c6 21. Kh1 Rd8 $11) 19... Rxb2 20. Nxe6 fxe6 21. Reb1 Qf6 22.
Rxb2 Qxb2 23. Rb1 Qe2 24. Bxc6 bxc6 25. Rb8+ Rxb8 26. Qxb8+ Kf7 27. Qxa7+ Kf6
$11) 18. Bxb7 Rab8 19. Qxc7 $16 Qg5 20. Nc5 $1 Bd5 (20... Nxb2 21. Nxe6 fxe6
22. Rxe6 $16) 21. Bxd5 Qxd5 22. b3 Rbc8 23. Qxa7 Rxc5 24. bxc4 Rxc4 25. a4 h5
26. a5 Rg4 27. g3 h4 28. a6 Rb4 (28... h3 29. Qb7 $18) 29. Qe3 (29. Qe7 $5 h3
30. f3 Qd4+ 31. Kh1 Ra8 32. Qe2 $16) 29... h3 30. f3 Rb2 (30... Rb3 31. Qe4
Qc5+ 32. Kh1 Qf2 33. Re2 Qxf3+ 34. Qxf3 Rxf3 35. Kg1 Rb3 36. a7 Ra8 37. Re7 $16
) 31. a7 g6 32. Rf1 (32. Qe8+ $2 Rxe8 33. Rxe8+ Kh7 34. a8=Q Qd4+ 35. Kh1 Rd2
$11 {[%cal Yd4b2]}) 32... Kh7 33. Rf2 Qd1+ 34. Qe1 $18 Qxe1+ 35. Rxe1 Rb7 36.
Ra2 Ra8 37. Rea1 f5 38. Ra5 Kh6 39. R1a2 Re7 40. Kf2 Kg5 41. g4 Re6 42. Kg3 Kf6
43. gxf5 gxf5 44. Kf4 Re7 45. Rxf5+ Kg6 46. Rfa5 1-0

[Event "UKR-ch"]
[Site "Ordzhonikidze"]
[Date "2001.09.12"]
[Round "5"]
[White "Ovsejevitsch, Sergei"]
[Black "Efimenko, Zahar"]
[Result "1/2-1/2"]
[WhiteElo "2529"]
[BlackElo "2495"]
[Annotator "Huzman,A"]
[PlyCount "69"]
[EventDate "2001.09.08"]
[EventType "swiss"]
[EventRounds "9"]
[EventCountry "UKR"]
[SourceTitle "CBM 086"]
[Source "ChessBase"]
[SourceDate "2002.02.05"]
[SourceVersion "1"]
[SourceVersionDate "2002.02.05"]
[SourceQuality "1"]

1. d4 d5 2. c4 dxc4 3. e4 e5 4. Nf3 exd4 5. Bxc4 Nc6 6. O-O Be6 7. Bxe6 fxe6 8.
Qb3 Qd7 9. Qxb7 Rb8 10. Qa6 Nf6 11. Nbd2 Bd6 12. e5 $146 Nxe5 ({Worth
considering was also} 12... Bxe5 13. Re1 (13. Nxe5 Nxe5 14. Qxa7 O-O 15. Nb3
Nc6 16. Qc5 e5) 13... Bd6 14. Qc4 O-O 15. Rxe6 Kh8) 13. Nxd4 O-O 14. Nc4 (14.
N2f3 Nfg4 $1 15. h3 c5 16. Nxe5 Nxe5 17. Ne2 c4 $36) 14... Nxc4 15. Qxc4 Rb4 $5
(15... Nd5 16. Rd1 Rb4 17. Qe2 $14) 16. Qxe6+ Qxe6 17. Nxe6 Re8 18. Ng5 (18.
Re1 Rb6 19. Re2 Bc5 20. Nf4 Rxe2 21. Nxe2 Ne4 $11) 18... Re2 $44 19. h3 Bc5 20.
b3 h6 (20... Bd4 21. Rb1 (21. Ba3 Rb5 22. Rad1 Rd5 $36) 21... Rxa2 $11) 21. Nf3
Rxf2 22. Rxf2 Ne4 23. Bd2 (23. Ba3 Bxf2+ 24. Kf1 Rb6 25. Ke2 Bg3 $11) (23. Bb2
$1 Bxf2+ (23... Nxf2 24. Ba3 Ne4+ 25. Kh1 Rb6 26. Bxc5 Nxc5 27. Rc1 $14) 24.
Kf1 Bb6 25. Be5 $14) 23... Bxf2+ 24. Kf1 Rb5 25. Rc1 $14 Bb6 {[%cal Ye4g3]} 26.
Be1 Ng5 $1 27. Nxg5 Rxg5 28. g4 (28. Rc4 Rf5+ 29. Ke2 Re5+ 30. Kd1 Rd5+ 31. Kc2
Re5 $11) 28... h5 29. Rc4 hxg4 30. hxg4 Rd5 31. b4 a5 $11 32. bxa5 Bxa5 33.
Bxa5 Rxa5 34. a4 Kh7 35. Kf2 1/2-1/2